书目信息 |
| 题名: |
清代前期教育论著选
|
|
| 作者: | 李国钧 主编 | |
| 分册: | 上册 | |
| 出版信息: | 北京 人民教育出版社 1990 |
|
| 页数: | 492页 | |
| 开本: | 20cm | |
| 丛书名: | 中国古代教育论著丛书 | |
| 单 册: | ||
| 中图分类: | G40-09249 , G409 | |
| 科图分类: | ||
| 主题词: | 教育理论--中国--清代--文集 | |
| 电子资源: | ||
| ISBN: | 7-107-10409-8 | |
| 000 | 00823oam2 2200253 450 | |
| 001 | 1550998352 | |
| 005 | 20150127220206.96 | |
| 010 | @a7-107-10409-8@dCNY7.75 | |
| 100 | @a19901112d1990 ekmy0chiy0110 ea | |
| 101 | 0 | @achi |
| 102 | @aCN@b110000 | |
| 105 | @ay z 000yy | |
| 200 | 1 | @a清代前期教育论著选@Aqing dai qian qi jiao yu lun zhu xuan@h上册@f李国钧主编 |
| 210 | @a北京@c人民教育出版社@d1990 | |
| 215 | @a492页@d20cm | |
| 225 | 2 | @a中国古代教育论著丛书 |
| 330 | @a本书选辑从清朝建立(1636)至鸦片战争(1840)这200年间教育家、思想家、政治家、文学家和科学家等人的有关教育论著。 | |
| 461 | 0 | @12001 @a中国古代教育论著丛书 |
| 606 | 0 | @a教育理论@y中国@z清代@x文集 |
| 690 | @aG40-09249@v2 | |
| 690 | @aG409@v4 | |
| 701 | 0 | @a李国钧@Ali guo jun@4主编 |
| 801 | 0 | @aCN@bTSSF@c20150127 |
| 905 | @aZUCC@dG409@eJY28:1 | |
| 清代前期教育论著选.上册/李国钧主编.-北京:人民教育出版社,1990 |
| 492页;20cm.-(中国古代教育论著丛书) |
| ISBN 7-107-10409-8:CNY7.75 |
| 本书选辑从清朝建立(1636)至鸦片战争(1840)这200年间教育家、思想家、政治家、文学家和科学家等人的有关教育论著。 |
| ● |
| 相关链接 |
|
|
|
|
正题名:清代前期教育论著选
索取号:G409/JY28:1
 
预约/预借
| 序号 | 登录号 | 条形码 | 馆藏地/架位号 | 状态 | 备注 |
| 1 | 7841179 | 278411791 | 学院路分馆/ [索取号:G409/JY28:1] | 在馆 |